000
00260nam a22000977a 4500
008
221128b |||||||| |||| 00| 0 eng d
020
_a
9789389823950
100
_a
Kibuishi Kazu
_9
7631
245
_a
Amulet ( Prince of the Elves)
260
_a
India
_b
Scholastic
_c
2022
999
_c
12159
_d
12159